000 00878cam a2200277 a 4500
001 000001730
005 20200929145659.0
008 990316s1998 cu ac b 000 0 spa
020 _a9592092273
040 _aDO-SdBNP
_cDLC
_dDLC
043 _anwcu---
082 _a972.91
_bP438h
100 1 _aPérez Guzmán, Francisco,
_d1941-
_95626
245 1 0 _aHerida profunda /
_cFrancisco Pérez Guzmán.
260 _aLa Habana :
_bUnión,
_c1998.
300 _a259 p. :
_bil., retrs. ;
_c21 cm.
490 1 _aClio
504 _aBibliografías: p. 257-259.
651 4 _aCuba
_xHistoria
_yLUCHA DE LA REVOLUCIÓN,
_y1895-1898
_95627
650 4 _aDesplazamiento forzado
_95628
650 4 _aCampesinos historia
_zCuba
_xHistoria
_95629
650 4 _aRehenes
_95630
600 1 0 _aWeyler, Valeria,
_d1838-1930.
_95631
830 0 _aClio;
_95632
910 _aCatalogación por copia / LC
999 _c1608
_d1608